000 00501nam a2200169Ia 4500
008 240729s9999 xx 000 0 und d
022 _a2666-9900
245 0 _aComputer Methods and Programs in Biomedicine Update
260 _aNetherlands
260 _bElsevier
650 _a Computer applications to medicine. Medical informatics
650 _a Medicine (General)
650 _aMedicine
856 _uhttps://doaj.org/toc/0b60f9ec51c34302afdd0f06ef76d61c
942 _2ddc
942 _cDOAJEJ
999 _c66171
_d66171
945 _a1
_bMadushi Gamage
_c1
_dMadushi Gamage